Catálogo
 En Linea

Nuevos narradores alemanes. / (Registro nro. 35924)

Detalles MARC
000 -CABECERA
campo de control de longitud fija 00870nam a2200229 a 4500
001 - NÚMERO DE CONTROL
campo de control 000036433
005 - FECHA Y HORA DE LA ÚLTIMA TRANSACCIÓN
campo de control 20200930075729.0
008 - DATOS DE LONGITUD FIJA--INFORMACIÓN GENERAL
campo de control de longitud fija 120117s2003 ag 000 0 spa d
020 ## - NÚMERO INTERNACIONAL ESTÁNDAR DEL LIBRO
Número Internacional Estándar del Libro 9500723786
040 ## - FUENTE DE LA CATALOGACIÓN
Centro catalogador/agencia de origen DO-SdBNP
Lengua de catalogación spa
Centro/agencia transcriptor BNPHU
082 ## - NÚMERO DE LA CLASIFICACIÓN DECIMAL DEWEY
Número de clasificación xxxx
Número de documento/Ítem N964
245 00 - MENCIÓN DE TÍTULO
Título Nuevos narradores alemanes. /
Mención de responsabilidad, etc. Verena Auffermann, compiladora; traducción de Gabriela Adamo, Martina Fernández Polcuch y Nicolás Gelormini; prólogo por Silvia Fehrmann.
260 ## - PUBLICACIÓN, DISTRIBUCIÓN, ETC.
Lugar de publicación, distribución, etc. Buenos Aires :
Nombre del editor, distribuidor, etc. Sudamericana,
Fecha de publicación, distribución, etc. 2003.
300 ## - DESCRIPCIÓN FÍSICA
Extensión 218 p. ;
Dimensiones 22 cm.
490 1# - MENCIÓN DE SERIE
Mención de serie Narrativas contemporáneas
700 1# - PUNTO DE ACCESO ADICIONAL--NOMBRE DE PERSONA
Nombre de persona Auffermann, Verena,
Término indicativo de función/relación comp.
9 (RLIN) 62649
700 1# - PUNTO DE ACCESO ADICIONAL--NOMBRE DE PERSONA
Nombre de persona Adamo, Gabriela,
Término indicativo de función/relación tr.
9 (RLIN) 62650
700 1# - PUNTO DE ACCESO ADICIONAL--NOMBRE DE PERSONA
Nombre de persona Fernández Polcuch, Martina ,
Término indicativo de función/relación tr.
9 (RLIN) 62651
700 1# - PUNTO DE ACCESO ADICIONAL--NOMBRE DE PERSONA
Nombre de persona Gelormini, Nicolás,
Término indicativo de función/relación tr.
9 (RLIN) 62652
700 1# - PUNTO DE ACCESO ADICIONAL--NOMBRE DE PERSONA
Nombre de persona Fehrmann, Silvia ,
Término indicativo de función/relación pról.
9 (RLIN) 62653
830 #0 - PUNTO DE ACCESO ADICIONAL DE SERIE-TÍTULO UNIFORME
Título uniforme Narrativas contemporáneas
9 (RLIN) 61415
Existencias
Estado de retiro Estado de pérdida Restricciones de uso No para préstamo Código de colección Localización permanente Ubicación/localización actual Ubicación en estantería Fecha de adquisición Número de inventario Total de préstamos Signatura topográfica completa Código de barras Fecha visto por última vez Precio válido a partir de Tipo de ítem Koha
      Excluido de préstamo Monografías: Libros y Folletos General General En catalogación 17.01.2012 LF1   xxxx N964 36434-10 25.06.2020 25.06.2020 No se presta

Con tecnología Koha